Toutes les villes citées dans Starmania - Statistiques

Statistiques générales
  • Ce quiz a été pris 169 fois
    157 depuis la dernière actualisation
  • Le résultat moyen est 5 sur 9
Statistiques - réponses
Hint Réponse % Correct
4 New-York
89%
9 Monopolis
76%
7 Tokyo
76%
6 Rio de Janeiro
59%
5 Rotterdam
48%
3 Rome
41%
2 Roissy
34%
1 Mirabel
33%
8 Singapour
31%
Aucun quiz correspondant
Distribution des résultats
% des personnes avec chaque résultat
Percentile par nombre de réponses
Votre historique - résultats
Vous n’avez pas pris ce quiz depuis la dernière actualisation